| 000 | 00566nam a2200229Ia 4500 | ||
|---|---|---|---|
| 005 | 20250425162440.0 | ||
| 008 | 250425s9999 xx 000 0 und d | ||
| 020 | _a0130945803 | ||
| 041 | _aeng | ||
| 082 | _a669 | ||
| 100 | _aNEELY, JOHN E. | ||
| 245 | 0 | _aPRACTICAL METALLURGY AND MATERIALS OF INDUSTRY | |
| 250 | _a6TH ED. | ||
| 260 |
_aEstados Unidos _bPEARSON EDUCATION _c2003 |
||
| 260 | _aUPPER SADDLE RIVER | ||
| 300 | _a449 | ||
| 650 | _aMATERIALES | ||
| 650 | _aMETALURGIA | ||
| 700 | _aBERTONE, THOMAS J. | ||
| 942 | _c01 | ||
| 010 | _a74683 | ||
| 999 |
_c229443 _d229443 |
||